[Event "Jaen-ch"]
[Site "Linares"]
[Date "1997.??.??"]
[Round "3"]
[White "Burlo Merino, Vicente"]
[Black "Olmedo, M."]
[Result "1/2-1/2"]
[WhiteElo "2175"]
[BlackElo "1685"]
[PlyCount "84"]
[EventDate "1997.12.??"]
[EventType "swiss"]
[EventRounds "7"]
[EventCountry "ESP"]
[SourceTitle "EXT 2000"]
[Source "ChessBase"]
[SourceDate "1999.11.16"]
[SourceVersion "1"]
[SourceVersionDate "1999.11.16"]
[SourceQuality "1"]

1. e4 d6 2. d4 Nf6 3. Nc3 g6 4. f4 Bg7 5. Nf3 0-0 6. Bd3 b6 7. 0-0 c5 8. e5 dxe5 9. fxe5 Nd5 10. Nxd5 Qxd5 11. c4 Qd7 12. d5 Bb7 13. Bf4 e6 14. d6 f6 15. exf6 Bxf6 16. Be3 Bxf3 17. Qxf3 Nc6 18. Qg4 Kg7 19. Rae1 Nd4 20. Be4 Rad8 21. Qh3 Rf7 22. Qh6+ Kg8 23. Bg5 Bxg5 24. Qxg5 Rdf8 25. Rxf7 Qxf7 26. Qe3 Qf4 27. Qxf4 Rxf4 28. Bb7 Rf8 29. d7 Rd8 30. Bc8 Kf7 31. h4 Nf5 32. Rf1 Ke7 33. Rf3 Nd6 34. Ba6 Rxd7 35. h5 Rd8 36. hxg6 hxg6 37. Rh3 Rf8 38. Rh7+ Rf7 39. Rh8 Rf8 40. Rh7+ Rf7 41. Rh8 Kf6 42. Rd8 Ke7 1/2-1/2

[Event "Jaen-ch"]
[Site "Linares"]
[Date "1997.??.??"]
[Round "2"]
[White "Garcia Ortega, Manuel"]
[Black "Burlo Merino, Vicente"]
[Result "1-0"]
[WhiteElo "1830"]
[BlackElo "2175"]
[PlyCount "67"]
[EventDate "1997.12.??"]
[EventType "swiss"]
[EventRounds "7"]
[EventCountry "ESP"]
[SourceTitle "EXT 2000"]
[Source "ChessBase"]
[SourceDate "1999.11.16"]
[SourceVersion "1"]
[SourceVersionDate "1999.11.16"]
[SourceQuality "1"]

1. e4 c5 2. Nf3 d6 3. d4 cxd4 4. Nxd4 Nf6 5. Nc3 a6 6. Be2 e5 7. Nb3 Be7 8. 0-0 0-0 9. Be3 b5 10. Nd5 Nbd7 11. f3 Nxd5 12. Qxd5 Nb6 13. Qd2 Be6 14. Na5 Rc8 15. Rfc1 d5 16. c3 Qc7 17. Qe1 dxe4 18. fxe4 f5 19. exf5 Nd5 20. fxe6 Nxe3 21. Qg3 Qxa5 22. Qxe5 Qb6 23. Kh1 Rf6 24. Bf3 Rc5 25. Qxe3 Rxe6 26. Qd3 Rh6 27. Qd7 Qb8 28. h3 Rc7 29. Qd5+ Kh8 30. Re1 Bh4 31. Re4 Qf8 32. Rd1 Rc8 33. Qd2 Rf6 34. Qd7 1-0